<?xml version="1.0" encoding="UTF-8"?>
<collection xmlns="http://www.loc.gov/MARC21/slim">
 <record>
  <leader>01868pam a22003018a 4500</leader>
  <controlfield tag="001">00030457</controlfield>
  <controlfield tag="005">20171026081025.0</controlfield>
  <controlfield tag="008">130320s2012                  ||||||engsd</controlfield>
  <datafield tag="020" ind1="#" ind2="#">
   <subfield code="a">9780521497671</subfield>
  </datafield>
  <datafield tag="041" ind1="0" ind2="#">
   <subfield code="a">eng</subfield>
  </datafield>
  <datafield tag="082" ind1="1" ind2="4">
   <subfield code="a">428</subfield>
   <subfield code="b">C104PR</subfield>
  </datafield>
  <datafield tag="100" ind1="1" ind2="#">
   <subfield code="a">Jakeman, Vanessa</subfield>
  </datafield>
  <datafield tag="245" ind1="1" ind2="0">
   <subfield code="a">Cambridge Practice Tests for IELTS 1</subfield>
   <subfield code="c">Vanessa Jakeman, Clare McDowell</subfield>
  </datafield>
  <datafield tag="250" ind1="#" ind2="#">
   <subfield code="a">20th ed</subfield>
  </datafield>
  <datafield tag="260" ind1="#" ind2="#">
   <subfield code="a">Cambridge</subfield>
   <subfield code="b">Cambridge University Press,</subfield>
   <subfield code="c">2012</subfield>
   <subfield code="a">New York</subfield>
  </datafield>
  <datafield tag="300" ind1="#" ind2="#">
   <subfield code="a">iv, 156 p</subfield>
   <subfield code="b">ill.</subfield>
   <subfield code="c">28 cm</subfield>
  </datafield>
  <datafield tag="653" ind1="#" ind2="#">
   <subfield code="a">IELTS</subfield>
  </datafield>
  <datafield tag="653" ind1="#" ind2="#">
   <subfield code="a">Tiếng Anh</subfield>
  </datafield>
  <datafield tag="653" ind1="#" ind2="#">
   <subfield code="a">Luyện thi</subfield>
  </datafield>
  <datafield tag="700" ind1="1" ind2="#">
   <subfield code="a">McDowell, Clare</subfield>
  </datafield>
  <datafield tag="852" ind1="#" ind2="#">
   <subfield code="b">Kho giáo trình</subfield>
   <subfield code="j">KGT.0035716, KGT.0035717, KGT.0035718, KGT.0035719, KGT.0036134, KGT.0036135, KGT.0036136, KGT.0036137, KGT.0036138, KGT.0036139, KGT.0036140, KGT.0036141, KGT.0036142, KGT.0036143, KGT.0036144, KGT.0036145, KGT.0036146, KGT.0036147, KGT.0036148, KGT.0036149, KGT.0036150, KGT.0036151, KGT.0036152, KGT.0036153, KGT.0036154, KGT.0036155, KGT.0036156, KGT.0036157, KGT.0036158, KGT.0036159, KGT.0036160, KGT.0036161, KGT.0036162, KGT.0036163, KGT.0036164, KGT.0036165, KGT.0036166, KGT.0036167</subfield>
  </datafield>
  <datafield tag="852" ind1="#" ind2="#">
   <subfield code="b">Kho mượn</subfield>
   <subfield code="j">KGT.0036134</subfield>
  </datafield>
  <datafield tag="852" ind1="#" ind2="#">
   <subfield code="b">Kho đọc</subfield>
   <subfield code="j">KD.0014454</subfield>
  </datafield>
  <datafield tag="852" ind1="#" ind2="#">
   <subfield code="j">KGT.0036136</subfield>
   <subfield code="j">KGT.0036137</subfield>
   <subfield code="j">KGT.0036139</subfield>
   <subfield code="j">KGT.0036140</subfield>
   <subfield code="j">KGT.0036142</subfield>
   <subfield code="j">KGT.0036143</subfield>
   <subfield code="j">KGT.0036147</subfield>
   <subfield code="j">KGT.0036148</subfield>
   <subfield code="j">KGT.0036150</subfield>
   <subfield code="j">KGT.0036151</subfield>
   <subfield code="j">KD.0014454</subfield>
   <subfield code="j">KGT.0035717</subfield>
   <subfield code="j">KGT.0035718</subfield>
   <subfield code="j">KGT.0036157</subfield>
   <subfield code="j">KGT.0036158</subfield>
   <subfield code="j">KGT.0036160</subfield>
   <subfield code="j">KGT.0036162</subfield>
   <subfield code="j">KGT.0036165</subfield>
   <subfield code="j">KGT.0036167</subfield>
   <subfield code="j">KGT.0036134</subfield>
   <subfield code="j">KGT.0036135</subfield>
   <subfield code="j">KGT.0036144</subfield>
   <subfield code="j">KGT.0036145</subfield>
   <subfield code="j">KGT.0036153</subfield>
   <subfield code="j">KGT.0036154</subfield>
   <subfield code="j">KGT.0036155</subfield>
   <subfield code="j">KGT.0036163</subfield>
   <subfield code="j">KGT.0036164</subfield>
   <subfield code="j">KGT.0035719</subfield>
   <subfield code="j">KGT.0036138</subfield>
   <subfield code="j">KGT.0036141</subfield>
   <subfield code="j">KGT.0036146</subfield>
   <subfield code="j">KGT.0036149</subfield>
   <subfield code="j">KGT.0036152</subfield>
   <subfield code="j">KGT.0036156</subfield>
   <subfield code="j">KGT.0036159</subfield>
   <subfield code="j">KGT.0036161</subfield>
   <subfield code="j">KGT.0036166</subfield>
   <subfield code="j">KGT.0035716</subfield>
  </datafield>
  <datafield tag="910" ind1=" " ind2=" ">
   <subfield code="d">20/03/2013</subfield>
  </datafield>
  <datafield tag="980" ind1="#" ind2="#">
   <subfield code="a">Trung tâm Học liệu Lê Vũ Hùng, Trường Đại học Đồng Tháp</subfield>
  </datafield>
 </record>
</collection>
